[Event "DEM U10w 2021"]
[Site "Willingen GER"]
[Date "2021.08.24"]
[Round "4"]
[White "Leistritz, Romina"]
[Black "Margaryan, Mane"]
[Result "0-1"]
[Termination "normal"]
[Board "13"]
[WhiteElo "1047"]
[BlackElo "893"]
[WhiteClock "00:36:55"]
[BlackClock "00:37:00"]
[PlyCount "62"]
[BlackFideId "16268237"]
[EventCountry "GER"]
[EventRounds "11"]
[EventType "swiss"]
[EventDate "2021.08.22"]

1. e4 {[%clk 01:15:56]} {[%emt 00:00:04]} d5 {[%clk 01:15:56]} {[%emt
00:00:04]} 2. exd5 {[%clk 01:16:19]} {[%emt 00:00:06]} Qxd5 {[%clk 01:16:22]}
{[%emt 00:00:04]} 3. Nc3 {[%clk 01:16:44]} {[%emt 00:00:06]} Qa5 {[%clk
01:16:46]} {[%emt 00:00:06]} 4. d4 {[%clk 01:17:06]} {[%emt 00:00:09]} Nf6
{[%clk 01:16:56]} {[%emt 00:00:20]} 5. Bd2 {[%clk 01:17:16]} {[%emt 00:00:19]}
c6 {[%clk 01:17:15]} {[%emt 00:00:11]} 6. Bc4 {[%clk 01:17:36]} {[%emt
00:00:10]} Bf5 {[%clk 01:17:17]} {[%emt 00:00:29]} 7. Qe2 {[%clk 01:15:57]}
{[%emt 00:02:09]} Bxc2 {[%clk 01:16:27]} {[%emt 00:01:19]} 8. Nf3 {[%clk
01:13:31]} {[%emt 00:02:56]} Bf5 {[%clk 01:16:10]} {[%emt 00:00:47]} 9. d5
{[%clk 01:11:30]} {[%emt 00:02:32]} cxd5 {[%clk 01:09:29]} {[%emt 00:07:10]}
10. Nxd5 {[%clk 01:11:33]} {[%emt 00:00:26]} Qd8 {[%clk 01:09:03]} {[%emt
00:00:58]} 11. Nxf6+ {[%clk 01:11:33]} {[%emt 00:00:28]} gxf6 {[%clk 01:08:36]}
{[%emt 00:00:57]} 12. O-O {[%clk 01:07:23]} {[%emt 00:04:41]} e6 {[%clk
01:07:30]} {[%emt 00:02:20]} 13. Rac1 {[%clk 01:05:12]} {[%emt 00:02:42]} a6
{[%clk 01:04:48]} {[%emt 00:03:12]} 14. Bb3 {[%clk 01:00:00]} {[%emt 00:05:42]}
Bd3 {[%clk 01:04:34]} {[%emt 00:00:44]} 15. Qe1 {[%clk 00:58:35]} {[%emt
00:01:54]} Bxf1 {[%clk 01:04:49]} {[%emt 00:00:15]} 16. Qxf1 {[%clk 00:58:57]}
{[%emt 00:00:08]} Nc6 {[%emt 00:00:52]} 17. Qe2 {[%clk 00:57:14]} {[%emt
00:02:08]} Rc8 {[%clk 01:01:30]} {[%emt 00:03:32]} 18. Bc3 {[%clk 00:54:56]}
{[%emt 00:02:49]} Rg8 {[%clk 00:59:03]} {[%emt 00:02:57]} 19. Nh4 {[%clk
00:51:57]} {[%emt 00:03:29]} Nd4 {[%clk 00:51:26]} {[%emt 00:08:07]} 20. Qh5
{[%clk 00:50:40]} {[%emt 00:01:46]} Nxb3 {[%clk 00:50:14]} {[%emt 00:01:43]}
21. axb3 {[%clk 00:50:52]} {[%emt 00:00:16]} Rg5 {[%clk 00:41:54]} {[%emt
00:08:51]} 22. Qxh7 {[%clk 00:47:27]} {[%emt 00:03:56]} Ba3 {[%clk 00:39:54]}
{[%emt 00:02:28]} 23. bxa3 {[%clk 00:46:25]} {[%emt 00:01:33]} Rxc3 {[%clk
00:39:58]} {[%emt 00:00:26]} 24. Rf1 {[%clk 00:46:40]} {[%emt 00:00:15]} Qd2
{[%clk 00:39:12]} {[%emt 00:01:17]} 25. Qh8+ {[%clk 00:40:36]} {[%emt
00:06:34]} Ke7 {[%clk 00:38:59]} {[%emt 00:00:41]} 26. Qb8 {[%clk 00:39:31]}
{[%emt 00:01:35]} Rc1 {[%clk 00:37:38]} {[%emt 00:01:52]} 27. h3 {[%clk
00:39:38]} {[%emt 00:00:22]} Rxf1+ {[%clk 00:37:55]} {[%emt 00:00:15]} 28. Kh2
{[%clk 00:39:41]} {[%emt 00:00:27]} Qxf2 {[%clk 00:37:29]} {[%emt 00:00:55]}
29. Qc7+ {[%clk 00:38:36]} {[%emt 00:01:36]} Kf8 {[%clk 00:37:04]} {[%emt
00:00:53]} 30. Qb8+ {[%clk 00:37:10]} {[%emt 00:01:58]} Kg7 {[%clk 00:37:15]}
{[%emt 00:00:18]} 31. b4 {[%clk 00:36:55]} {[%emt 00:00:45]} Qg1# {[%clk
00:37:00]} {[%emt 00:00:15]} 0-1

[Event "DEM U10w 2021"]
[Site "Willingen GER"]
[Date "2021.08.24"]
[Round "4"]
[White "Müller, Ariana"]
[Black "Wilke, Ronja"]
[Result "1-0"]
[Termination "normal"]
[Board "14"]
[WhiteElo "1006"]
[BlackElo "823"]
[WhiteClock "00:47:25"]
[BlackClock "00:57:58"]
[PlyCount "101"]
[WhiteFideId "34615024"]
[BlackFideId "16288378"]
[EventCountry "GER"]
[EventRounds "11"]
[EventType "swiss"]
[EventDate "2021.08.22"]

1. e4 {[%clk 01:15:56]} {[%emt 00:00:04]} e5 {[%clk 01:15:54]} {[%emt
00:00:06]} 2. Nf3 {[%clk 01:16:19]} {[%emt 00:00:07]} Nc6 {[%clk 01:16:19]}
{[%emt 00:00:05]} 3. Bc4 {[%clk 01:16:25]} {[%emt 00:00:24]} Bc5 {[%clk
01:16:41]} {[%emt 00:00:09]} 4. d3 {[%clk 01:16:43]} {[%emt 00:00:11]} Nf6
{[%clk 01:17:03]} {[%emt 00:00:08]} 5. Nc3 {[%clk 01:16:50]} {[%emt 00:00:24]}
d6 {[%clk 01:17:23]} {[%emt 00:00:09]} 6. Bg5 {[%clk 01:16:37]} {[%emt
00:00:44]} h6 {[%clk 01:17:46]} {[%emt 00:00:07]} 7. Be3 {[%clk 01:16:43]}
{[%emt 00:00:25]} Bb6 {[%clk 01:13:40]} {[%emt 00:04:35]} 8. Qd2 {[%clk
01:16:36]} {[%emt 00:00:36]} Bd7 {[%clk 01:13:38]} {[%emt 00:00:32]} 9. O-O-O
{[%emt 00:01:18]} Qe7 {[%emt 00:00:26]} 10. Bxb6 {[%clk 01:14:01]} {[%emt
00:01:22]} cxb6 {[%clk 01:13:41]} {[%emt 00:00:25]} 11. Rhg1 {[%clk 01:12:01]}
{[%emt 00:02:31]} Nd4 {[%clk 01:10:36]} {[%emt 00:03:35]} 12. h3 {[%clk
01:06:26]} {[%emt 00:06:07]} Nc6 {[%clk 01:10:41]} {[%emt 00:00:24]} 13. g4
{[%clk 01:06:24]} {[%emt 00:00:31]} O-O-O {[%clk 01:10:50]} {[%emt 00:00:20]}
14. h4 {[%clk 01:05:40]} {[%emt 00:01:15]} Bxg4 {[%clk 01:10:41]} {[%emt
00:00:33]} 15. Rg3 {[%clk 01:02:46]} {[%emt 00:03:28]} Bxf3 {[%clk 01:10:32]}
{[%emt 00:00:38]} 16. Rxf3 {[%clk 01:01:32]} {[%emt 00:01:46]} Nd4 {[%clk
01:09:28]} {[%emt 00:01:34]} 17. Rg3 {[%clk 00:59:45]} {[%emt 00:02:16]} Nh5
{[%clk 01:09:25]} {[%emt 00:00:34]} 18. Rgg1 {[%clk 00:59:19]} {[%emt
00:00:54]} Nf3 {[%clk 01:09:45]} {[%emt 00:00:11]} 19. Nd5 {[%clk 00:56:22]}
{[%emt 00:03:27]} Qxh4 {[%clk 01:08:44]} {[%emt 00:01:30]} 20. Rh1 {[%clk
00:55:33]} {[%emt 00:01:21]} Nxd2 {[%clk 01:08:23]} {[%emt 00:00:49]} 21. Rxh4
{[%clk 00:55:30]} {[%emt 00:00:33]} Nxc4 {[%clk 01:08:25]} {[%emt 00:00:28]}
22. dxc4 {[%clk 00:55:49]} {[%emt 00:00:12]} Nf6 {[%clk 01:08:29]} {[%emt
00:00:26]} 23. Ne7+ {[%clk 00:55:20]} {[%emt 00:01:00]} Kd7 {[%clk 01:08:24]}
{[%emt 00:00:34]} 24. Nf5 {[%clk 00:54:31]} {[%emt 00:01:19]} Rc8 {[%clk
01:08:24]} {[%emt 00:00:29]} 25. Nxd6 {[%clk 00:53:27]} {[%emt 00:01:34]} Kc7
{[%clk 01:08:16]} {[%emt 00:00:36]} 26. Nxc8 {[%emt 00:01:10]} Rxc8 {[%emt
00:00:16]} 27. b3 {[%clk 00:51:18]} {[%emt 00:01:15]} Kc6 {[%clk 01:08:10]}
{[%emt 00:00:37]} 28. Rhh1 {[%clk 00:51:29]} {[%emt 00:00:17]} Nxe4 {[%clk
01:08:19]} {[%emt 00:00:22]} 29. Rhe1 {[%clk 00:51:43]} {[%emt 00:00:09]} Nc3
{[%clk 01:07:59]} {[%emt 00:00:59]} 30. Rd2 {[%clk 00:51:28]} {[%emt 00:00:44]}
Nxa2+ {[%clk 01:07:38]} {[%emt 00:00:49]} 31. Kb2 {[%clk 00:51:16]} {[%emt
00:00:43]} Nb4 {[%clk 01:07:19]} {[%emt 00:00:49]} 32. Red1 {[%clk 00:51:27]}
{[%emt 00:00:16]} g5 {[%clk 01:06:36]} {[%emt 00:01:15]} 33. Rd8 {[%clk
00:51:31]} {[%emt 00:00:26]} Rxd8 {[%clk 01:05:58]} {[%emt 00:01:07]} 34. Rxd8
{[%clk 00:51:49]} {[%emt 00:00:14]} Kc7 {[%clk 01:00:31]} {[%emt 00:05:57]} 35.
Rh8 {[%clk 00:51:19]} {[%emt 00:01:00]} Kd7 {[%clk 01:00:30]} {[%emt 00:00:30]}
36. Rxh6 {[%clk 00:51:14]} {[%emt 00:00:35]} Ke7 {[%clk 01:00:36]} {[%emt
00:00:24]} 37. Kc3 {[%clk 00:51:14]} {[%emt 00:00:30]} Nc6 {[%clk 01:00:36]}
{[%emt 00:00:31]} 38. Kd3 {[%clk 00:51:29]} {[%emt 00:00:13]} f6 {[%clk
00:59:48]} {[%emt 00:01:21]} 39. Ke4 {[%clk 00:51:40]} {[%emt 00:00:18]} Ke6
{[%clk 00:59:43]} {[%emt 00:00:36]} 40. c3 {[%clk 00:51:33]} {[%emt 00:00:36]}
Na5 {[%clk 00:59:56]} {[%emt 00:00:18]} 41. Rh8 {[%clk 00:50:28]} {[%emt
00:01:35]} Nxb3 {[%clk 00:58:37]} {[%emt 00:01:47]} 42. Re8+ {[%clk 00:50:30]}
{[%emt 00:00:31]} Kf7 {[%clk 00:58:58]} {[%emt 00:00:08]} 43. Ra8 {[%clk
00:50:29]} {[%emt 00:00:32]} Nd2+ {[%clk 00:58:55]} {[%emt 00:00:32]} 44. Kd3
{[%clk 00:50:15]} {[%emt 00:00:43]} Nb3 {[%clk 00:58:14]} {[%emt 00:01:12]} 45.
Rxa7 {[%clk 00:50:25]} {[%emt 00:00:20]} Kg6 {[%clk 00:58:34]} {[%emt
00:00:11]} 46. Ke4 {[%clk 00:50:22]} {[%emt 00:00:32]} f5+ {[%clk 00:58:26]}
{[%emt 00:00:37]} 47. Kxe5 {[%clk 00:48:19]} {[%emt 00:02:34]} Nc5 {[%clk
00:58:34]} {[%emt 00:00:23]} 48. Ra8 {[%clk 00:47:55]} {[%emt 00:00:53]} f4
{[%clk 00:58:02]} {[%emt 00:01:03]} 49. Rg8+ {[%clk 00:48:09]} {[%emt
00:00:15]} Kh5 {[%clk 00:58:00]} {[%emt 00:00:34]} 50. Kf5 {[%clk 00:48:02]}
{[%emt 00:00:35]} Kh4 {[%clk 00:57:58]} {[%emt 00:00:34]} 51. Rh8+ {[%clk
00:47:25]} {[%emt 00:00:33]} 1-0

[Event "DEM U10w 2021"]
[Site "Willingen GER"]
[Date "2021.08.24"]
[Round "4"]
[White "Kühne, Malin"]
[Black "Wartenberg, Adelia"]
[Result "1-0"]
[Termination "normal"]
[Board "15"]
[WhiteElo "938"]
[BlackElo "791"]
[WhiteClock "00:32:45"]
[BlackClock "01:09:26"]
[PlyCount "93"]
[WhiteFideId "34619747"]
[BlackFideId "34601830"]
[EventCountry "GER"]
[EventRounds "11"]
[EventType "swiss"]
[EventDate "2021.08.22"]

1. e4 {[%clk 01:15:57]} {[%emt 00:00:03]} e5 {[%clk 01:15:57]} {[%emt
00:00:04]} 2. Nf3 {[%clk 01:16:19]} {[%emt 00:00:08]} Bc5 {[%clk 01:16:18]}
{[%emt 00:00:09]} 3. Nxe5 {[%clk 01:16:39]} {[%emt 00:00:10]} Qh4 {[%clk
01:16:38]} {[%emt 00:00:10]} 4. Qe2 {[%clk 01:17:02]} {[%emt 00:00:08]} d5
{[%clk 01:16:53]} {[%emt 00:00:14]} 5. exd5 {[%clk 01:08:21]} {[%emt 00:09:10]}
Ne7 {[%clk 01:16:39]} {[%emt 00:00:45]} 6. Nf3 {[%clk 01:05:52]} {[%emt
00:02:57]} Qf6 {[%clk 01:16:47]} {[%emt 00:00:23]} 7. Qb5+ {[%clk 01:00:46]}
{[%emt 00:05:36]} c6 {[%clk 01:16:38]} {[%emt 00:00:38]} 8. Qxc5 {[%clk
00:58:32]} {[%emt 00:02:45]} Na6 {[%clk 01:16:43]} {[%emt 00:00:25]} 9. Qc3
{[%clk 00:55:59]} {[%emt 00:03:03]} Nxd5 {[%emt 00:00:36]} 10. Qxf6 {[%clk
00:55:23]} {[%emt 00:00:49]} Nxf6 {[%clk 01:17:10]} {[%emt 00:00:14]} 11. Nc3
{[%clk 00:55:08]} {[%emt 00:00:44]} O-O {[%clk 01:17:26]} {[%emt 00:00:15]} 12.
Bc4 {[%clk 00:55:11]} {[%emt 00:00:27]} Re8+ {[%clk 01:17:36]} {[%emt
00:00:18]} 13. Ne2 {[%clk 00:54:44]} {[%emt 00:00:58]} Nb4 {[%clk 01:17:52]}
{[%emt 00:00:15]} 14. Nfd4 {[%clk 00:53:48]} {[%emt 00:01:27]} c5 {[%clk
01:18:07]} {[%emt 00:00:13]} 15. a3 {[%clk 00:53:09]} {[%emt 00:01:10]} cxd4
{[%clk 01:17:14]} {[%emt 00:01:23]} 16. axb4 {[%clk 00:53:14]} {[%emt
00:00:25]} Be6 {[%clk 01:17:15]} {[%emt 00:00:29]} 17. Bb5 {[%clk 00:50:02]}
{[%emt 00:03:42]} Bd7 {[%clk 01:17:25]} {[%emt 00:00:20]} 18. Bd3 {[%clk
00:48:04]} {[%emt 00:02:28]} a6 {[%clk 01:17:20]} {[%emt 00:00:37]} 19. O-O
{[%clk 00:46:46]} {[%emt 00:01:46]} Bb5 {[%clk 01:17:18]} {[%emt 00:00:32]} 20.
Bxb5 {[%emt 00:01:07]} axb5 {[%clk 01:17:28]} {[%emt 00:00:02]} 21. Rxa8 {[%clk
00:46:44]} {[%emt 00:00:13]} Rxa8 {[%clk 01:17:50]} {[%emt 00:00:09]} 22. Nxd4
{[%clk 00:46:41]} {[%emt 00:00:32]} Nd5 {[%clk 01:16:53]} 23. Nxb5 {[%clk
00:46:45]} {[%emt 00:01:53]} Nxb4 {[%emt 00:02:12]} 24. c3 {[%clk 00:46:27]}
{[%emt 00:00:34]} Nd3 {[%clk 01:15:16]} {[%emt 00:00:40]} 25. Nd6 {[%clk
00:46:17]} {[%emt 00:00:39]} Ra1 {[%clk 01:15:28]} {[%emt 00:00:17]} 26. g3
{[%emt 00:09:39]} Nxc1 {[%clk 01:13:53]} {[%emt 00:00:06]} 27. Nxb7 {[%clk
00:34:06]} {[%emt 00:05:33]} Ne2+ {[%clk 01:13:47]} {[%emt 00:00:34]} 28. Kg2
{[%clk 00:34:24]} {[%emt 00:00:13]} Nc1 {[%clk 01:14:06]} {[%emt 00:00:12]} 29.
Re1 {[%clk 00:33:58]} {[%emt 00:00:56]} g6 {[%clk 01:14:25]} {[%emt 00:00:11]}
30. Kf3 {[%clk 00:34:09]} {[%emt 00:00:19]} h6 {[%clk 01:13:37]} {[%emt
00:01:16]} 31. Ke3 {[%clk 00:34:05]} {[%emt 00:00:36]} Nb3 {[%clk 01:12:19]}
{[%emt 00:01:47]} 32. Rxa1 {[%clk 00:34:21]} {[%emt 00:00:14]} Nxa1 {[%clk
01:12:37]} {[%emt 00:00:12]} 33. c4 {[%clk 00:34:44]} {[%emt 00:00:07]} Nb3
{[%clk 01:12:57]} {[%emt 00:00:09]} 34. c5 {[%clk 00:34:26]} {[%emt 00:00:49]}
Kf8 {[%clk 01:13:04]} {[%emt 00:00:24]} 35. Ke4 {[%clk 00:34:17]} {[%emt
00:00:39]} Ke7 {[%clk 01:13:14]} {[%emt 00:00:18]} 36. Kd5 {[%clk 00:34:39]}
{[%emt 00:00:10]} Kd7 {[%clk 01:13:31]} {[%emt 00:00:12]} 37. c6+ {[%clk
00:34:28]} {[%emt 00:00:42]} Kc7 {[%clk 01:13:52]} {[%emt 00:00:09]} 38. Nc5
{[%clk 00:34:48]} {[%emt 00:00:11]} Nxd2 {[%clk 01:13:12]} {[%emt 00:01:09]}
39. Na6+ {[%clk 00:33:57]} {[%emt 00:01:21]} Kc8 {[%clk 01:13:26]} {[%emt
00:00:15]} 40. b4 {[%clk 00:33:37]} {[%emt 00:00:52]} Nb3 {[%clk 01:10:55]}
{[%emt 00:02:59]} 41. b5 {[%clk 00:32:29]} {[%emt 00:01:38]} Na5 {[%emt
00:00:27]} 42. b6 {[%emt 00:00:18]} Kd8 {[%clk 01:09:59]} {[%emt 00:00:39]} 43.
b7 {[%clk 00:32:45]} {[%emt 00:00:16]} Ke8 {[%clk 01:09:43]} {[%emt 00:00:43]}
44. b8=Q+ {[%emt 00:00:15]} Ke7 {[%emt 00:00:20]} 45. Qb4+ {[%clk 00:32:32]}
{[%emt 00:00:12]} Kf6 {[%emt 00:00:11]} 46. Qxa5 {[%emt 00:00:11]} g5 {[%clk
01:09:26]} {[%emt 00:00:25]} 47. Qc3+ {[%clk 00:32:45]} {[%emt 00:00:17]} 1-0

[Event "DEM U10w 2021"]
[Site "Willingen GER"]
[Date "2021.08.24"]
[Round "4"]
[White "Dominick, Johanna"]
[Black "Guliyeva, Zahra"]
[Result "1-0"]
[Termination "normal"]
[Board "16"]
[WhiteElo "936"]
[BlackElo "783"]
[WhiteClock "01:20:22"]
[BlackClock "01:18:28"]
[PlyCount "47"]
[WhiteFideId "16296532"]
[BlackFideId "34630198"]
[EventCountry "GER"]
[EventRounds "11"]
[EventType "swiss"]
[EventDate "2021.08.22"]

1. e4 {[%clk 01:15:59]} e5 {[%clk 01:15:55]} {[%emt 00:00:05]} 2. Nf3 {[%clk
01:16:26]} {[%emt 00:00:04]} Nc6 {[%clk 01:16:18]} {[%emt 00:00:08]} 3. Bc4
{[%clk 01:16:48]} {[%emt 00:00:06]} Bc5 {[%clk 01:16:58]} {[%emt 00:00:20]} 4.
Nc3 {[%clk 01:17:41]} {[%emt 00:00:07]} Nf6 {[%clk 01:17:19]} {[%emt 00:00:10]}
5. d3 {[%clk 01:17:58]} {[%emt 00:00:10]} O-O {[%clk 01:17:38]} {[%emt
00:00:13]} 6. Bg5 {[%clk 01:18:19]} {[%emt 00:00:05]} d6 {[%clk 01:17:54]}
{[%emt 00:00:18]} 7. Nd5 {[%clk 01:18:41]} {[%emt 00:00:07]} Bg4 {[%clk
01:18:09]} {[%emt 00:00:16]} 8. Nxf6+ {[%clk 01:18:43]} {[%emt 00:00:18]} gxf6
{[%clk 01:18:17]} {[%emt 00:00:33]} 9. Bh6 {[%clk 01:18:55]} {[%emt 00:00:08]}
Re8 {[%clk 01:18:30]} {[%emt 00:00:25]} 10. h3 {[%emt 00:00:09]} Bh5 {[%emt
00:00:09]} 11. g4 {[%clk 01:18:46]} {[%emt 00:00:18]} Bg6 {[%clk 01:18:42]}
{[%emt 00:00:12]} 12. h4 {[%clk 01:18:53]} {[%emt 00:00:35]} Qd7 {[%clk
01:18:26]} {[%emt 00:00:46]} 13. h5 {[%clk 01:19:05]} {[%emt 00:00:12]} Qxg4
{[%clk 01:18:05]} {[%emt 00:00:57]} 14. hxg6 {[%clk 01:19:17]} {[%emt
00:00:14]} Qg2 {[%clk 01:18:17]} {[%emt 00:00:12]} 15. gxf7+ {[%clk 00:00:00]}
{[%emt 00:02:08]} Kh8 {[%clk 01:17:40]} {[%emt 00:03:07]} 16. fxe8=Q+ {[%clk
01:20:48]} {[%emt 00:00:29]} Rxe8 {[%clk 01:18:37]} {[%emt 00:00:13]} 17. Kd2
{[%clk 01:20:56]} {[%emt 00:00:11]} Qxf2+ {[%clk 01:18:43]} {[%emt 00:00:35]}
18. Qe2 {[%clk 01:21:03]} {[%emt 00:00:17]} f5 {[%clk 01:17:49]} {[%emt
00:01:25]} 19. Qxf2 {[%clk 01:20:30]} {[%emt 00:01:07]} Bxf2 {[%clk 01:17:55]}
{[%emt 00:00:25]} 20. Raf1 {[%clk 01:20:33]} {[%emt 00:00:28]} fxe4 {[%clk
01:17:56]} {[%emt 00:00:27]} 21. Rxf2 {[%clk 01:20:18]} {[%emt 00:00:45]} exf3
{[%clk 01:18:05]} {[%emt 00:00:21]} 22. Rxf3 {[%clk 01:20:32]} {[%emt
00:00:16]} d5 {[%clk 01:18:12]} {[%emt 00:00:15]} 23. Bb5 {[%clk 01:20:36]}
{[%emt 00:00:34]} e4 {[%clk 01:18:28]} {[%emt 00:00:16]} 24. Rf8+ {[%clk
01:20:22]} {[%emt 00:00:35]} 1-0

[Event "DEM U10w 2021"]
[Site "Willingen GER"]
[Date "2021.08.24"]
[Round "4"]
[White "Frydel, Helena"]
[Black "Borck, Elena"]
[Result "1-0"]
[Termination "normal"]
[Board "17"]
[WhiteElo "966"]
[BlackElo "775"]
[WhiteClock "00:12:57"]
[BlackClock "01:08:25"]
[PlyCount "43"]
[WhiteFideId "16266536"]
[BlackFideId "16275446"]
[EventCountry "GER"]
[EventRounds "11"]
[EventType "swiss"]
[EventDate "2021.08.22"]

1. e4 {[%clk 01:15:58]} {[%emt 00:00:02]} d6 {[%clk 01:15:52]} {[%emt
00:00:09]} 2. d4 {[%clk 01:16:20]} {[%emt 00:00:08]} Nf6 {[%clk 01:16:12]}
{[%emt 00:00:10]} 3. Nc3 {[%clk 01:15:53]} {[%emt 00:00:56]} g6 {[%clk
01:16:34]} {[%emt 00:00:07]} 4. Nf3 {[%clk 01:15:26]} {[%emt 00:00:57]} Bg7
{[%clk 01:16:53]} {[%emt 00:00:12]} 5. Bc4 {[%clk 01:14:32]} {[%emt 00:01:25]}
O-O {[%clk 01:17:09]} {[%emt 00:00:12]} 6. O-O {[%clk 01:13:57]} {[%emt
00:01:06]} Nc6 {[%clk 01:17:28]} {[%emt 00:00:13]} 7. Bg5 {[%clk 01:06:04]}
{[%emt 00:08:22]} e6 {[%clk 01:17:38]} {[%emt 00:00:19]} 8. Qe2 {[%clk
01:00:02]} {[%emt 00:06:32]} d5 {[%clk 01:17:06]} {[%emt 00:01:03]} 9. Bb5
{[%clk 00:59:26]} {[%emt 00:01:06]} Ne7 {[%clk 01:16:56]} {[%emt 00:00:40]} 10.
exd5 {[%clk 00:52:10]} {[%emt 00:07:46]} exd5 {[%clk 01:17:11]} {[%emt
00:00:14]} 11. Rfe1 {[%clk 00:45:16]} {[%emt 00:07:25]} c6 {[%clk 01:13:53]}
{[%emt 00:03:48]} 12. Ba4 {[%clk 00:45:23]} {[%emt 00:00:25]} Re8 {[%clk
01:14:07]} {[%emt 00:00:15]} 13. Qd2 {[%clk 00:33:30]} {[%emt 00:12:24]} Qd6
{[%clk 01:10:09]} {[%emt 00:04:27]} 14. h3 {[%clk 00:23:34]} {[%emt 00:10:26]}
b6 {[%clk 01:09:29]} {[%emt 00:01:10]} 15. Re2 {[%clk 00:17:36]} {[%emt
00:06:29]} Ba6 {[%clk 01:09:36]} {[%emt 00:00:21]} 16. Re3 {[%clk 00:16:04]}
{[%emt 00:02:03]} Rac8 {[%clk 01:09:21]} {[%emt 00:00:45]} 17. Rae1 {[%clk
00:14:23]} {[%emt 00:02:11]} c5 {[%clk 01:09:10]} {[%emt 00:00:42]} 18. Bxe8
{[%clk 00:14:25]} {[%emt 00:00:27]} Nxe8 {[%clk 01:09:28]} {[%emt 00:00:12]}
19. Rxe7 {[%clk 00:13:46]} {[%emt 00:01:10]} Nc7 {[%clk 01:09:28]} {[%emt
00:00:30]} 20. Qf4 {[%clk 00:12:24]} {[%emt 00:01:51]} Qc6 {[%clk 01:08:22]}
{[%emt 00:01:36]} 21. Qxf7+ {[%clk 00:12:29]} {[%emt 00:00:26]} Kh8 {[%clk
01:08:25]} {[%emt 00:00:26]} 22. Qxg7# {[%clk 00:12:57]} {[%emt 00:00:02]} 1-0